[Event "GER-ch Net blitz qual4"]
[Site "Playchess.com INT"]
[Date "2021.05.10"]
[Round "11"]
[White "Schmitt, Clemens"]
[Black "Seitz, Manuel"]
[Result "1-0"]
[WhiteElo "1616"]
[BlackElo "1825"]
[PlyCount "63"]
[EventDate "2021.05.10"]
[EventType "swiss (blitz)"]
[EventRounds "11"]
[EventCountry "GER"]
[SourceTitle "CBM 202 Extra"]
[Source "ChessBase"]
[SourceDate "2021.07.31"]
[SourceVersion "1"]
[SourceVersionDate "2021.07.31"]
[SourceQuality "1"]

1. d4 Nf6 2. c4 e5 3. dxe5 Ng4 4. Nf3 Nc6 5. e3 Ngxe5 6. a3 Be7 7. Nc3 d6 8. Nd5 Bf5 9. Nxe7 Qxe7 10. Be2 0-0 11. 0-0 Rab8 12. Nd4 Qg5 13. Nxf5 Qxf5 14. f4 Nd7 15. Bf3 Nc5 16. b4 Ne6 17. e4 Qf6 18. Rb1 Qd4+ 19. Qxd4 Ncxd4 20. Bd1 a5 21. f5 Nd8 22. b5 c5 23. Bf4 Re8 24. Bxd6 Rc8 25. e5 f6 26. e6 N8xe6 27. fxe6 Rxe6 28. Bg4 Rxd6 29. Bxc8 Ne2+ 30. Kh1 Rd2 31. Bxb7 Nc3 32. Rbe1 1-0

[Event "GER-ch Net blitz qual4"]
[Site "Playchess.com INT"]
[Date "2021.05.10"]
[Round "2"]
[White "Schmitt, Clemens"]
[Black "Singh, Marcel"]
[Result "0-1"]
[WhiteElo "1616"]
[BlackElo "2026"]
[PlyCount "60"]
[EventDate "2021.05.10"]
[EventType "swiss (blitz)"]
[EventRounds "11"]
[EventCountry "GER"]
[SourceTitle "CBM 202 Extra"]
[Source "ChessBase"]
[SourceDate "2021.07.31"]
[SourceVersion "1"]
[SourceVersionDate "2021.07.31"]
[SourceQuality "1"]

1. c4 c5 2. g3 Nf6 3. Bg2 Nc6 4. Nc3 g6 5. e4 Bg7 6. Nge2 0-0 7. 0-0 d6 8. d3 a6 9. a3 Rb8 10. Rb1 b5 11. cxb5 axb5 12. b4 Bg4 13. f3 Be6 14. bxc5 dxc5 15. Rxb5 Rxb5 16. Nxb5 Qb6 17. Nbc3 c4+ 18. d4 Rd8 19. Be3 Qa5 20. Qc1 Bd7 21. d5 Ne5 22. Qa1 Ra8 23. Rb1 Nd3 24. Bd4 Ne8 25. Bxg7 Nxg7 26. Nf4 Qc5+ 27. Kh1 Nf2+ 28. Kg1 Nh3+ 29. Kh1 Qg1+ 30. Rxg1 Nf2# 0-1

[Event "GER-ch Net blitz qual4"]
[Site "Playchess.com INT"]
[Date "2021.05.10"]
[Round "10"]
[White "Schmitt, Clemens"]
[Black "Stangl, Anita"]
[Result "0-1"]
[WhiteElo "1616"]
[BlackElo "1869"]
[PlyCount "30"]
[EventDate "2021.05.10"]
[EventType "swiss (blitz)"]
[EventRounds "11"]
[EventCountry "GER"]
[SourceTitle "CBM 202 Extra"]
[Source "ChessBase"]
[SourceDate "2021.07.31"]
[SourceVersion "1"]
[SourceVersionDate "2021.07.31"]
[SourceQuality "1"]

1. d4 e6 2. c4 d5 3. Nf3 c6 4. e3 f5 5. Bd3 Nf6 6. 0-0 Bd6 7. b3 0-0 8. Bb2 Ne4 9. Nfd2 Nd7 10. f3 Nxd2 11. Nxd2 Qh4 12. g3 Bxg3 13. hxg3 Qxg3+ 14. Kh1 Rf6 15. Qe2 Rh6+ 0-1

[Event "GER-ch Net blitz qual2"]
[Site "Playchess.com INT"]
[Date "2021.05.04"]
[Round "8"]
[White "Schmitt, Clemens"]
[Black "Busch, Ullrich"]
[Result "1-0"]
[WhiteElo "1639"]
[BlackElo "1458"]
[PlyCount "47"]
[EventDate "2021.05.04"]
[EventType "swiss (blitz)"]
[EventRounds "11"]
[EventCountry "GER"]
[SourceTitle "CBM 202 Extra"]
[Source "ChessBase"]
[SourceDate "2021.07.31"]
[SourceVersion "1"]
[SourceVersionDate "2021.07.31"]
[SourceQuality "1"]

1. c4 Nf6 2. g3 d5 3. Bg2 dxc4 4. Nf3 c6 5. 0-0 Bf5 6. Na3 b5 7. b3 e6 8. bxc4 b4 9. Nc2 Be7 10. Ne5 Qc7 11. d4 0-0 12. Bf4 Qb6 13. c5 Qa6 14. Nxb4 Qb5 15. Nbxc6 Nxc6 16. Nxc6 Rae8 17. Nxe7+ Rxe7 18. Bd6 Rfe8 19. Bxe7 Rxe7 20. Qb3 Qxe2 21. Rfe1 Qd2 22. d5 exd5 23. Rxe7 Ne4 24. Re8# 1-0

[Event "GER-ch Net blitz qual2"]
[Site "Playchess.com INT"]
[Date "2021.05.04"]
[Round "4"]
[White "Schmitt, Clemens"]
[Black "Juergens, Florian"]
[Result "1-0"]
[WhiteElo "1639"]
[BlackElo "1885"]
[PlyCount "57"]
[EventDate "2021.05.04"]
[EventType "swiss (blitz)"]
[EventRounds "11"]
[EventCountry "GER"]
[SourceTitle "CBM 202 Extra"]
[Source "ChessBase"]
[SourceDate "2021.07.31"]
[SourceVersion "1"]
[SourceVersionDate "2021.07.31"]
[SourceQuality "1"]

1. c4 d6 2. g3 e6 3. Bg2 c6 4. Nc3 g6 5. d3 Bg7 6. e4 Ne7 7. Nge2 0-0 8. 0-0 Nd7 9. Be3 b6 10. Qd2 Bb7 11. Rad1 Rc8 12. b3 c5 13. h3 a6 14. g4 Nc6 15. d4 cxd4 16. Nxd4 Nxd4 17. Bxd4 Ne5 18. f4 Nc6 19. Bxg7 Kxg7 20. f5 exf5 21. exf5 Re8 22. f6+ Kh8 23. Qh6 Rg8 24. Ne4 Qf8 25. Qxf8 Rgxf8 26. Nxd6 Rc7 27. Nxb7 Rxb7 28. Bxc6 Rc7 29. Bd5 1-0

[Event "GER-ch Net blitz qual2"]
[Site "Playchess.com INT"]
[Date "2021.05.04"]
[Round "6"]
[White "Schmitt, Clemens"]
[Black "Roeder, Phillip"]
[Result "0-1"]
[WhiteElo "1639"]
[BlackElo "1796"]
[PlyCount "144"]
[EventDate "2021.05.04"]
[EventType "swiss (blitz)"]
[EventRounds "11"]
[EventCountry "GER"]
[SourceTitle "CBM 202 Extra"]
[Source "ChessBase"]
[SourceDate "2021.07.31"]
[SourceVersion "1"]
[SourceVersionDate "2021.07.31"]
[SourceQuality "1"]

1. c4 c6 2. g3 d5 3. Nf3 Nf6 4. Bg2 g6 5. Qa4 Bg7 6. cxd5 Nxd5 7. 0-0 0-0 8. a3 Nb6 9. Qc2 Bf5 10. d3 N8d7 11. h3 Nf6 12. g4 Be6 13. Ng5 Qd7 14. Nd2 h6 15. Ngf3 a5 16. Nb3 a4 17. Nc5 Qd6 18. Nxe6 Qxe6 19. Re1 Nfd7 20. Bd2 Qb3 21. Qxb3 axb3 22. d4 Na4 23. Rab1 c5 24. Be3 cxd4 25. Bxd4 e5 26. Be3 Rac8 27. Nd2 Nac5 28. Rec1 b6 29. Rc4 Rfd8 30. Rb4 Ne6 31. Nxb3 Rc2 32. Bf3 Nf4 33. Na1 Nxe2+ 34. Bxe2 Rxe2 35. Kf1 Rxe3 36. fxe3 Rc8 37. Ke2 Rc6 38. Kd1 f5 39. Rc1 Rd6+ 40. Ke2 Nc5 41. Rd1 Rc6 42. Rd8+ Kf7 43. gxf5 gxf5 44. Rh4 Bf6 45. Rxh6 Kg7 46. Rxf6 Kxf6 47. Nc2 Ne6 48. Rd7 Rxc2+ 49. Kd3 Rxb2 50. Rd6 Rb3+ 51. Kc4 Rxa3 52. Kd5 Rd3+ 53. Kc6 Rxd6+ 54. Kxd6 b5 55. Kd5 f4 56. exf4 exf4 57. Ke4 b4 58. h4 b3 59. Kd3 f3 60. h5 f2 61. Ke2 b2 62. Kxf2 b1Q 63. h6 Qh7 64. Kf3 Qxh6 65. Ke4 Qf4+ 66. Kd3 Qd4+ 67. Ke2 Ke5 68. Kf3 Qe4+ 69. Kf2 Kf4 70. Kf1 Qc2 71. Ke1 Ke3 72. Kf1 Qf2# 0-1

[Event "GER-ch Net blitz qual2"]
[Site "Playchess.com INT"]
[Date "2021.05.04"]
[Round "5"]
[White "Stangl, Anita"]
[Black "Schmitt, Clemens"]
[Result "1-0"]
[WhiteElo "1813"]
[BlackElo "1639"]
[PlyCount "53"]
[EventDate "2021.05.04"]
[EventType "swiss (blitz)"]
[EventRounds "11"]
[EventCountry "GER"]
[SourceTitle "CBM 202 Extra"]
[Source "ChessBase"]
[SourceDate "2021.07.31"]
[SourceVersion "1"]
[SourceVersionDate "2021.07.31"]
[SourceQuality "1"]

1. e4 c5 2. Nf3 Nc6 3. d4 cxd4 4. Nxd4 Nf6 5. Nc3 e5 6. Nf5 d5 7. exd5 Bxf5 8. dxc6 bxc6 9. Qe2 Bd6 10. Bg5 h6 11. Bxf6 Qxf6 12. Qc4 0-0 13. Rd1 Bxc2 14. Rd2 Bg6 15. Qxc6 Be7 16. Qxf6 Bxf6 17. Nd5 Bg5 18. Re2 Rfc8 19. f3 Rc1+ 20. Kf2 e4 21. f4 Bh4+ 22. g3 Bd8 23. Bg2 Rac8 24. Rxc1 Rxc1 25. Bxe4 Bh5 26. Rc2 Ra1 27. Rc8 1-0

[Event "GER-ch Net blitz qual2"]
[Site "Playchess.com INT"]
[Date "2021.05.04"]
[Round "2"]
[White "Wagner, Jochen"]
[Black "Schmitt, Clemens"]
[Result "1-0"]
[WhiteElo "1361"]
[BlackElo "1639"]
[PlyCount "65"]
[EventDate "2021.05.04"]
[EventType "swiss (blitz)"]
[EventRounds "11"]
[EventCountry "GER"]
[SourceTitle "CBM 202 Extra"]
[Source "ChessBase"]
[SourceDate "2021.07.31"]
[SourceVersion "1"]
[SourceVersionDate "2021.07.31"]
[SourceQuality "1"]

1. d4 Nf6 2. Bf4 g6 3. e3 Bg7 4. Bd3 0-0 5. c3 d6 6. Nd2 Nfd7 7. e4 e5 8. dxe5 Nxe5 9. Bxe5 Bxe5 10. Ngf3 Bg7 11. 0-0 Nd7 12. h4 h6 13. h5 g5 14. Qc2 Nf6 15. Rfe1 Nxh5 16. e5 Nf4 17. Bh7+ Kh8 18. g3 Nd5 19. Nc4 b5 20. Na5 c5 21. Be4 Qxa5 22. Bxd5 Rb8 23. exd6 Bd7 24. Qe4 Rbe8 25. Qb1 Bg4 26. Nh2 Be6 27. Bc6 Rd8 28. Rxe6 fxe6 29. Qg6 Qb6 30. Be4 Kg8 31. Qh7+ Kf7 32. Bg6+ Kf6 33. Ng4# 1-0

[Event "DSOL 02 Liga Gr-C 1st"]
[Site "Playchess.com INT"]
[Date "2020.06.26"]
[Round "1.3"]
[White "Schmitt, Clemens"]
[Black "Schneider, Jens Erik"]
[Result "1/2-1/2"]
[WhiteElo "1763"]
[BlackElo "1936"]
[PlyCount "73"]
[EventDate "2020.06.22"]
[EventType "team-tourn (rapid)"]
[EventCountry "GER"]
[SourceTitle "EXT 2021"]
[Source "ChessBase"]
[SourceDate "2020.10.23"]
[SourceVersion "1"]
[SourceVersionDate "2020.10.23"]
[SourceQuality "1"]
[WhiteTeam "Bergwinkel SV"]
[BlackTeam "Dessau"]
[WhiteTeamCountry "GER"]
[BlackTeamCountry "GER"]

1. c4 g6 2. g3 Bg7 3. Bg2 c6 4. Nc3 Nf6 5. e4 d6 6. Nge2 0-0 7. 0-0 e5 8. d3 Be6 9. h3 Qc8 10. Kh2 Ne8 11. Be3 f5 12. f3 Nd7 13. Qd2 Ndf6 14. Rac1 Nh5 15. exf5 gxf5 16. f4 Qc7 17. b3 Bf6 18. Bf3 Neg7 19. Nd5 Qd7 20. Nxf6+ Rxf6 21. fxe5 dxe5 22. d4 e4 23. Bxh5 Nxh5 24. Nf4 Bf7 25. Rg1 Re8 26. g4 Nxf4 27. Bxf4 fxg4 28. Rxg4+ Rg6 29. Rcg1 Ree6 30. Qe3 Rxg4 31. Rxg4+ Rg6 32. Qxe4 Rxg4 33. hxg4 Qxg4 34. Qg2 Qxg2+ 35. Kxg2 Kg7 36. Kf3 Kf6 37. Bh6 1/2-1/2

[Event "GER-ch Net Amateur Gr-B Vor3"]
[Site "Playchess.com INT"]
[Date "2020.04.16"]
[Round "3"]
[White "Schmitt, Clemens"]
[Black "Fink, Eberhard"]
[Result "0-1"]
[WhiteElo "1695"]
[BlackElo "1583"]
[PlyCount "150"]
[EventDate "2020.04.16"]
[EventType "swiss (blitz)"]
[EventRounds "9"]
[EventCountry "GER"]
[SourceTitle "CBM 195 Extra"]
[Source "ChessBase"]
[SourceDate "2020.05.31"]
[SourceVersion "1"]
[SourceVersionDate "2020.05.31"]
[SourceQuality "1"]

1. c4 e5 2. g3 Nf6 3. Bg2 c6 4. Nf3 d6 5. 0-0 Bg4 6. b3 Be7 7. Bb2 Nbd7 8. Re1 0-0 9. Nc3 Rc8 10. h3 Be6 11. e3 h6 12. d4 e4 13. Nd2 d5 14. cxd5 cxd5 15. f3 Bb4 16. Rc1 Nh5 17. g4 Nhf6 18. fxe4 dxe4 19. Ndxe4 b6 20. a3 Be7 21. b4 Re8 22. Qd3 Nd5 23. Nxd5 Bxd5 24. Rxc8 Qxc8 25. Rc1 Qb7 26. Rc2 Bh4 27. Nc3 Bxg2 28. Rxg2 Nf6 29. d5 Qd7 30. e4 Qd6 31. Re2 h5 32. Qf3 hxg4 33. hxg4 Qe5 34. Nd1 Qd6 35. e5 Qxd5 36. Qxd5 Nxd5 37. Rd2 Nf4 38. Rd7 Ng6 39. Rxa7 Nxe5 40. Bxe5 Rxe5 41. Ra8+ Kh7 42. Nc3 Re3 43. Nb5 Rg3+ 44. Kf1 Rxg4 45. Rb8 Rf4+ 46. Ke2 Rf2+ 47. Kd1 Ra2 48. Rxb6 Bg5 49. Rb7 f5 50. Ra7 f4 51. Nd4 Kg6 52. Nf3 Bf6 53. b5 Rb2 54. a4 Rb3 55. Nd2 Rb4 56. b6 Rxb6 57. a5 Rb2 58. Ra8 Bc3 59. Nc4 Ra2 60. a6 f3 61. a7 f2 62. Ne3 Bd4 63. Nf1 Bxa7 64. Rc8 Kg5 65. Rc6 g6 66. Rc4 Kh5 67. Rc3 g5 68. Rh3+ Kg4 69. Rh7 Bd4 70. Nh2+ Kg3 71. Nf1+ Kg2 72. Nd2 Rxd2+ 73. Kxd2 f1Q 74. Rh2+ Kxh2 75. Kc2 Qe2+ 0-1

[Event "GER-ch Net Amateur Gr-B Vor2"]
[Site "Playchess.com INT"]
[Date "2020.04.15"]
[Round "1"]
[White "Vassiliou, Leander"]
[Black "Schmitt, Clemens"]
[Result "0-1"]
[WhiteElo "1289"]
[BlackElo "1623"]
[PlyCount "96"]
[EventDate "2020.04.15"]
[EventType "swiss (blitz)"]
[EventRounds "9"]
[EventCountry "GER"]
[SourceTitle "CBM 196 Extra"]
[Source "ChessBase"]
[SourceDate "2020.07.31"]
[SourceVersion "1"]
[SourceVersionDate "2020.07.31"]
[SourceQuality "1"]

1. e4 c5 2. Nf3 Nc6 3. d4 cxd4 4. Nxd4 Nf6 5. Nc3 e5 6. Nf3 Bb4 7. Bd3 d6 8. Bd2 0-0 9. 0-0 a6 10. a3 Bxc3 11. Bxc3 Bg4 12. h3 Be6 13. Re1 Rc8 14. Qd2 Qc7 15. Rad1 Rfd8 16. Qc1 b5 17. Bd2 h6 18. Bxh6 gxh6 19. Qxh6 Nh7 20. Ng5 Nxg5 21. Qxg5+ Kf8 22. Qh6+ Ke7 23. Qg5+ Kd7 24. Be2 Rh8 25. Bg4 Rcg8 26. Bxe6+ fxe6 27. Qf6 Qd8 28. Qf7+ Qe7 29. Qf3 Nd4 30. Qd3 Qg5 31. g3 Qh5 32. c3 Nf3+ 33. Kf1 Qxh3+ 34. Ke2 Nxe1 35. Qxd6+ Ke8 36. Qd7+ Kf8 37. Qd8+ Kg7 38. Rd7+ Kg6 39. Qe7 Rh7 40. Qd6 Rxd7 41. Qxd7 Ng2 42. f3 Rg7 43. Qe8+ Rf7 44. Qg8+ Kf6 45. Qd8+ Kg7 46. Qg5+ Kh7 47. Kd2 Qh6 48. Qxh6+ Kxh6 0-1

[Event "GER-ch Net Amateur Gr-B Vor1"]
[Site "Playchess.com INT"]
[Date "2020.04.14"]
[Round "4"]
[White "Matthies, Alexander"]
[Black "Schmitt, Clemens"]
[Result "1-0"]
[WhiteElo "1439"]
[BlackElo "1583"]
[PlyCount "67"]
[EventDate "2020.04.14"]
[EventType "swiss (blitz)"]
[EventRounds "9"]
[EventCountry "GER"]
[SourceTitle "EXT 2021"]
[Source "ChessBase"]
[SourceDate "2020.10.23"]
[SourceVersion "1"]
[SourceVersionDate "2020.10.23"]
[SourceQuality "1"]

1. e4 c5 2. Nc3 Nc6 3. g3 g6 4. Bg2 Bg7 5. d3 d6 6. Nge2 e5 7. f4 Bg4 8. h3 Bxe2 9. Qxe2 Nd4 10. Qf2 b5 11. 0-0 b4 12. Nd5 Ne7 13. Nxe7 Qxe7 14. c3 Nb5 15. cxb4 cxb4 16. Rb1 0-0 17. Be3 a5 18. f5 gxf5 19. exf5 Bf6 20. Bxa8 Rxa8 21. Qf3 Rc8 22. Qg4+ Kh8 23. Rbc1 Rg8 24. Qf3 Bh4 25. g4 h5 26. Bf2 Bg5 27. Rce1 f6 28. d4 Bf4 29. dxe5 dxe5 30. Qd5 Nc7 31. Qxa5 hxg4 32. h4 g3 33. Be3 g2 34. Rf2 1-0

[Event "GER-ch Net Amateur Gr-B Vor1"]
[Site "Playchess.com INT"]
[Date "2020.04.14"]
[Round "8"]
[White "Schmitt, Clemens"]
[Black "Bloem, Hans Ulrich"]
[Result "1-0"]
[WhiteElo "1521"]
[BlackElo "1501"]
[PlyCount "57"]
[EventDate "2020.04.14"]
[EventType "swiss (blitz)"]
[EventRounds "9"]
[EventCountry "GER"]
[SourceTitle "EXT 2021"]
[Source "ChessBase"]
[SourceDate "2020.10.23"]
[SourceVersion "1"]
[SourceVersionDate "2020.10.23"]
[SourceQuality "1"]

1. c4 e5 2. g3 Nf6 3. Bg2 d5 4. cxd5 Nxd5 5. Nc3 Nxc3 6. bxc3 Bc5 7. Nf3 e4 8. Qa4+ Nc6 9. Qxe4+ Be6 10. d4 Bb6 11. Bg5 Ne7 12. Bxe7 Qxe7 13. Qxb7 Rd8 14. e3 0-0 15. 0-0 Qf6 16. Nd2 Ba5 17. Rac1 Bb6 18. c4 Ba5 19. Nb3 Rb8 20. Qxa7 Bb6 21. Qa3 Ra8 22. Bxa8 Qf5 23. Bg2 Qd3 24. c5 Bxb3 25. cxb6 Bc4 26. Qxd3 Bxd3 27. bxc7 Bxf1 28. Bxf1 Rc8 29. Bh3 1-0

[Event "GER-ch Net Amateur Gr-B Vor1"]
[Site "Playchess.com INT"]
[Date "2020.04.14"]
[Round "2"]
[White "Schmitt, Clemens"]
[Black "Susallek, Markus"]
[Result "0-1"]
[WhiteElo "1644"]
[BlackElo "1820"]
[PlyCount "76"]
[EventDate "2020.04.14"]
[EventType "swiss (blitz)"]
[EventRounds "9"]
[EventCountry "GER"]
[SourceTitle "EXT 2021"]
[Source "ChessBase"]
[SourceDate "2020.10.23"]
[SourceVersion "1"]
[SourceVersionDate "2020.10.23"]
[SourceQuality "1"]

1. c4 Nf6 2. g3 g6 3. Bg2 Bg7 4. Nc3 0-0 5. e4 c6 6. Nge2 d6 7. 0-0 Nbd7 8. d4 e5 9. d5 cxd5 10. cxd5 a5 11. h3 Nc5 12. Bg5 h6 13. Be3 Nfd7 14. Rb1 f5 15. Qd2 Kh7 16. exf5 gxf5 17. f4 b6 18. Rfd1 Ba6 19. fxe5 Nxe5 20. Nf4 Nc4 21. Qf2 Nxe3 22. Qxe3 Re8 23. Ne6 Nxe6 24. dxe6 Rc8 25. Nd5 Rc2 26. e7 Qd7 27. Rd2 Rxd2 28. Qxd2 Be5 29. b3 Bb7 30. Qf2 Bxd5 31. Bxd5 Qxe7 32. Qxf5+ Kg7 33. Rf1 Rf8 34. Qg4+ Kh8 35. Rxf8+ Qxf8 36. Qg6 Bd4+ 37. Kh2 Qf2+ 38. Bg2 Qg1# 0-1

[Event "Heusenstamm Sparkassen op-A 6th"]
[Site "Heusenstamm"]
[Date "2019.11.22"]
[Round "2"]
[White "Schmitt, Clemens"]
[Black "Berkes, Alexander"]
[Result "0-1"]
[WhiteElo "1796"]
[BlackElo "1833"]
[PlyCount "56"]
[EventDate "2019.11.21"]
[EventType "swiss"]
[EventRounds "7"]
[EventCountry "GER"]
[SourceTitle "CBM 194 Extra"]
[Source "ChessBase"]
[SourceDate "2020.03.31"]
[SourceVersion "1"]
[SourceVersionDate "2020.03.31"]
[SourceQuality "1"]

1. c4 e5 2. g3 Nf6 3. Bg2 g6 4. Nc3 Bg7 5. e4 d6 6. Nge2 0-0 7. 0-0 Be6 8. d3 Qd7 9. f4 Nc6 10. Nd5 Bg4 11. h3 Bxh3 12. fxe5 Nxd5 13. e6 fxe6 14. Bxh3 Rxf1+ 15. Qxf1 Rf8 16. Qxf8+ Kxf8 17. exd5 Nd4 18. Nf4 Qa4 19. Be3 Nc2 20. Nxe6+ Kg8 21. b3 Qa5 22. Ng5 Bxa1 23. Be6+ Kg7 24. Bf4 Qe1+ 25. Kh2 Ne3 26. Nf7 Qf2+ 27. Kh3 Qg2+ 28. Kh4 Bf6+ 0-1

[Event "Wiesbaden op 31st"]
[Site "Wiesbaden"]
[Date "2019.08.24"]
[Round "5"]
[White "Schmitt, Clemens"]
[Black "Boscher, Hans"]
[Result "1-0"]
[WhiteElo "1813"]
[BlackElo "1492"]
[PlyCount "33"]
[EventDate "2019.08.22"]
[EventType "swiss"]
[EventRounds "7"]
[EventCountry "GER"]
[SourceTitle "EXT 2020"]
[Source "ChessBase"]
[SourceDate "2019.10.17"]
[SourceVersion "1"]
[SourceVersionDate "2019.10.17"]
[SourceQuality "1"]

1. c4 e5 2. g3 Nf6 3. Bg2 d5 4. cxd5 Nxd5 5. Nc3 Nb6 6. e3 Be7 7. Nge2 0-0 8. 0-0 Re8 9. f4 exf4 10. Nxf4 c6 11. b3 N8d7 12. Bb2 Nf6 13. Ne4 Nxe4 14. Bxe4 Bf6 15. Bxf6 Qxf6 16. Qc2 h6 17. Bh7+ 1-0

[Event "Main Vogelsberg op 14th"]
[Site "Waechtersbach"]
[Date "2019.06.10"]
[Round "6"]
[White "Hansch, Andreas"]
[Black "Schmitt, Clemens"]
[Result "1/2-1/2"]
[WhiteElo "1806"]
[BlackElo "1743"]
[PlyCount "95"]
[EventDate "2019.06.07"]
[EventType "swiss"]
[EventRounds "7"]
[EventCountry "GER"]
[SourceTitle "CBM 190 Extra"]
[Source "ChessBase"]
[SourceDate "2019.07.15"]
[SourceVersion "1"]
[SourceVersionDate "2019.07.15"]
[SourceQuality "1"]

1. d4 Nf6 2. c4 g6 3. Nc3 d5 4. Nf3 Bg7 5. Bf4 0-0 6. h3 c5 7. dxc5 Qa5 8. Bd2 dxc4 9. Na4 Qc7 10. Rc1 b5 11. cxb6 axb6 12. Nc3 Qb7 13. a4 Bf5 14. Nd4 Bd7 15. e3 e5 16. Nf3 e4 17. Ne5 Be6 18. Nxc4 Rd8 19. Be2 Nc6 20. Nb5 Ne8 21. Qc2 Bxc4 22. Bxc4 Ne5 23. Qb3 Nxc4 24. Qxc4 Bxb2 25. Rc2 Rac8 26. Qb3 Rxc2 27. Qxc2 Be5 28. 0-0 Qe7 29. Rb1 Bb8 30. Qb2 Nd6 31. Bb4 Qe6 32. Nxd6 Bxd6 33. Bc3 Bc5 34. Bh8 Kf8 35. Qg7+ Ke7 36. Qxh7 Rd2 37. Qh4+ Kd7 38. Qf6 Qa2 39. Rb2 Bd6 40. g3 Rxb2 41. Qxb2 Qxa4 42. Qxb6 Qd1+ 43. Kh2 Qf3 44. Qb7+ Ke6 45. Qb3+ Kd7 46. Qb7+ Ke6 47. Qb3+ Kd7 48. Qb7+ 1/2-1/2

[Event "Hessen-chB"]
[Site "Frankfurt"]
[Date "2019.06.01"]
[Round "6"]
[White "Schmitt, Clemens"]
[Black "Bahlo, Jens"]
[Result "1/2-1/2"]
[WhiteElo "1767"]
[BlackElo "1915"]
[PlyCount "124"]
[EventDate "2019.05.30"]
[EventType "swiss"]
[EventRounds "7"]
[EventCountry "GER"]
[SourceTitle "EXT 2020"]
[Source "ChessBase"]
[SourceDate "2019.10.17"]
[SourceVersion "1"]
[SourceVersionDate "2019.10.17"]
[SourceQuality "1"]

1. c4 Nc6 2. Nc3 e5 3. g3 d6 4. Bg2 f5 5. d3 Nf6 6. e3 g6 7. Nge2 Bg7 8. 0-0 0-0 9. a3 Ne7 10. f4 c6 11. b3 Qb6 12. Rb1 a6 13. fxe5 dxe5 14. Na4 Qa7 15. c5 Nd7 16. b4 b5 17. Nac3 Nf6 18. Qb3+ Kh8 19. d4 e4 20. h3 Ned5 21. Nxd5 Nxd5 22. Nf4 a5 23. Nxd5 Be6 24. Qc3 Bxd5 25. Bd2 axb4 26. axb4 Qc7 27. Kh2 Ra2 28. Ra1 Rfa8 29. Rxa2 Rxa2 30. Ra1 Qa7 31. Rxa2 Qxa2 32. Bf1 Qa4 33. h4 Kg8 34. Qc1 Kf7 35. Be2 Ke7 36. Kg2 Kd7 37. Bc3 Qa2 38. Qb2 Qa4 39. Qa1 Qxa1 40. Bxa1 h6 41. Bc3 Bf8 42. Be1 Be7 43. Kh2 Ke6 44. g4 g5 45. gxf5+ Kxf5 46. Kh3 Kg6 47. h5+ Kf6 48. Bg3 Be6+ 49. Kg2 Bd8 50. Be5+ Kf7 51. Kg3 Be7 52. Bd1 Bf8 53. Be2 Bb3 54. Bg4 Be6 55. Bd1 Bc4 56. Bg4 Be7 57. Bc7 Bf6 58. Bd6 Be6 59. Bd1 Bg7 60. Bc7 Ke7 61. Bd6+ Kf7 62. Bc7 Bd5 1/2-1/2

[Event "Hessen-chB"]
[Site "Frankfurt"]
[Date "2019.05.31"]
[Round "4"]
[White "Bjoerknes, Uwe"]
[Black "Schmitt, Clemens"]
[Result "0-1"]
[WhiteElo "1796"]
[BlackElo "1767"]
[PlyCount "58"]
[EventDate "2019.05.30"]
[EventType "swiss"]
[EventRounds "7"]
[EventCountry "GER"]
[SourceTitle "EXT 2020"]
[Source "ChessBase"]
[SourceDate "2019.10.17"]
[SourceVersion "1"]
[SourceVersionDate "2019.10.17"]
[SourceQuality "1"]

1. e4 c5 2. Nf3 Nc6 3. c4 e5 4. Nc3 g6 5. g3 Bg7 6. Bg2 Nge7 7. d3 d6 8. Bg5 0-0 9. Nd5 f6 10. Bd2 Nxd5 11. cxd5 Ne7 12. b4 b6 13. Qa4 f5 14. Rb1 f4 15. 0-0 Bg4 16. bxc5 dxc5 17. h3 Bd7 18. Qb3 Kh8 19. Bc3 Qc7 20. Qb2 Kg8 21. Nxe5 Bxe5 22. Bxe5 Qc8 23. Bd6 f3 24. Bxf3 Rxf3 25. Bxe7 Bxh3 26. Rfd1 Qg4 27. Qe5 Re8 28. d6 Rf7 29. f4 Qxg3+ 0-1

[Event "Hessen-chB"]
[Site "Frankfurt"]
[Date "2019.05.30"]
[Round "2"]
[White "Schmitt, Clemens"]
[Black "Feicht, Arno"]
[Result "1-0"]
[WhiteElo "1767"]
[BlackElo "1881"]
[PlyCount "81"]
[EventDate "2019.05.30"]
[EventType "swiss"]
[EventRounds "7"]
[EventCountry "GER"]
[SourceTitle "EXT 2020"]
[Source "ChessBase"]
[SourceDate "2019.10.17"]
[SourceVersion "1"]
[SourceVersionDate "2019.10.17"]
[SourceQuality "1"]

1. c4 f5 2. g3 Nf6 3. Bg2 g6 4. Nc3 Bg7 5. e3 e5 6. Nge2 0-0 7. 0-0 Nc6 8. d3 d6 9. Rb1 a5 10. b3 Qe8 11. Nb5 Rf7 12. Nec3 e4 13. a3 Nd8 14. Bb2 Qe7 15. dxe4 fxe4 16. Nd5 Nxd5 17. cxd5 Bxb2 18. Rxb2 Qe5 19. Qd4 c6 20. Qxe5 dxe5 21. Nd6 cxd5 22. Nxf7 Nxf7 23. f3 exf3 24. Bxf3 e4 25. Be2 Ne5 26. Rd2 Bg4 27. Bxg4 Nxg4 28. Re1 Ne5 29. Rf1 Rd8 30. Rc2 d4 31. exd4 Rxd4 32. Rc8+ Kg7 33. Rc7+ Kh6 34. Re7 Nf3+ 35. Kf2 Nd2 36. Rd1 Nxb3 37. Rxd4 Nxd4 38. Rxb7 Nc2 39. a4 Kg5 40. Rxh7 e3+ 41. Kf3 1-0

[Event "Heusenstamm Sparkassen op-A 5th"]
[Site "Heusenstamm"]
[Date "2018.11.23"]
[Round "3"]
[White "Scharrer, Udo"]
[Black "Schmitt, Clemens"]
[Result "1/2-1/2"]
[WhiteElo "2014"]
[BlackElo "1746"]
[PlyCount "45"]
[EventDate "2018.11.22"]
[EventType "swiss"]
[EventRounds "7"]
[EventCountry "GER"]
[SourceTitle "CBM 188 Extra"]
[Source "ChessBase"]
[SourceDate "2019.02.26"]
[SourceVersion "1"]
[SourceVersionDate "2019.02.26"]
[SourceQuality "1"]

1. d4 Nf6 2. c4 g6 3. Nc3 d5 4. cxd5 Nxd5 5. e4 Nxc3 6. bxc3 Bg7 7. Qa4+ Nd7 8. Nf3 0-0 9. Be2 c5 10. Be3 Nf6 11. Nd2 Ng4 12. Bxg4 Bxg4 13. 0-0 Be2 14. Rfe1 Bd3 15. e5 b5 16. Qa3 c4 17. Qb2 Qd5 18. a4 Rfb8 19. axb5 Rxb5 20. Qa3 Rb7 21. Ra2 f6 22. exf6 Bxf6 23. Qa5 1/2-1/2